Жизнь Нины Камышиной: [Роман ]

Detalhes bibliográficos
Autor principal: Коронатова Е. И. Елена Ивановна
Outros Autores: Никульков А. (автор предисловия), Заплавный А. А. (иллюстратор)
Resumo:Исключено из фонда НТБ ТПУ
Idioma:russo
Publicado em: Новосибирск, Новосибирское кн. изд-во, 1976
Formato: MixedMaterials Livro
KOHA link:https://koha.lib.tpu.ru/cgi-bin/koha/opac-detail.pl?biblionumber=142204

MARC

LEADER 00000nam0a2200000 4500
001 142204
005 20231031142654.0
035 |a (RuTPU)RU\TPU\book\154111 
090 |a 142204 
100 |a 20080903d1976 m y0rusy5003 ca 
101 0 |a rus 
102 |a RU 
105 |a a z 000ay 
200 1 |a Жизнь Нины Камышиной  |e [Роман ]  |f Е. И. Коронатова  |g авт. предисл. А. Никульков ; худож. А. А. Заплавный 
210 |a Новосибирск  |c Новосибирское кн. изд-во  |d 1976 
215 |a 320 с.  |d 21 см  |c портр., ил. 
333 |a Исключено из фонда НТБ ТПУ 
700 1 |a Коронатова  |b Е. И.  |g Елена Ивановна  |4 070 
702 1 |a Никульков  |b А.  |4 080 
702 1 |a Заплавный  |b А. А.  |4 440 
801 0 |a RU  |b RuMRKP  |c 19950704  |g psbo 
801 1 |a RU  |b 63413507  |c 20080903  |g PSBO 
801 2 |a RU  |b 63413507  |c 20190412  |g PSBO 
942 |c BK